[Event "Titled Tuesday intern op 14th May Late"]
[Site "Chess.com INT"]
[Date "2024.05.14"]
[Round "8"]
[White "Bayo Milagro, Alvaro"]
[Black "Javadov, Habil"]
[Result "0-1"]
[WhiteElo "2285"]
[BlackElo "2193"]
[PlyCount "146"]
[EventDate "2024.05.14"]
[EventType "swiss (blitz)"]
[EventRounds "11"]
[EventCountry "USA"]
[SourceTitle "CBM 220 Extra"]
[Source "ChessBase"]
[SourceDate "2024.07.31"]
[SourceVersion "1"]
[SourceVersionDate "2024.07.31"]
[SourceQuality "1"]

1. c4 e6 2. Nf3 d5 3. g3 Nf6 4. Bg2 Be7 5. 0-0 0-0 6. d4 c6 7. Nc3 b6 8. Nd2 Bb7 9. e4 Na6 10. cxd5 cxd5 11. e5 Nd7 12. a3 Rc8 13. f4 g6 14. g4 b5 15. f5 b4 16. axb4 Nxb4 17. fxe6 fxe6 18. Rxf8+ Nxf8 19. Nf3 a6 20. Bf1 Qb6 21. Bg5 Qd8 22. Bxe7 Qxe7 23. Qb3 Rb8 24. Ra4 Bc6 25. Rxa6 Nxa6 26. Qc2 Nb4 27. Qd2 Ra8 28. h4 Ra1 29. Kg2 Qf7 30. Be2 Qe7 31. h5 Ra8 32. h6 Nd7 33. Ng5 Rf8 34. Nd1 Nb6 35. Nf3 Nc4 36. Qc3 Na2 37. Qc2 Ne3+ 38. Nxe3 Nb4 39. Qc3 Bd7 40. Nf1 Rc8 41. Qa3 Rc2 42. Kf2 Bb5 43. N1d2 Nd3+ 44. Bxd3 Qxa3 45. bxa3 Bxd3 46. Ke3 Bb5 47. Ng5 Bd7 48. Kd3 Ra2 49. Nb1 Ra1 50. Kc2 Ra2+ 51. Kb3 Rg2 52. Nf3 Rxg4 53. a4 Rg3 54. Nbd2 g5 55. Kb4 g4 56. Ng5 Rg2 57. Nb3 g3 58. a5 Ra2 59. Nd2 Rxd2 60. Nf3 Ra2 61. Kc5 Rxa5+ 62. Kd6 Bc8 63. Ke7 Ra3 64. Kf6 Rxf3+ 65. Ke7 g2 66. Kd6 g1Q 67. Ke7 Qg5+ 68. Kd6 Qd8+ 69. Kc6 Rc3+ 70. Kb5 Bd7+ 71. Ka6 Rb3 72. Ka7 Qb8+ 73. Ka6 Qa8# 0-1

[Event "Titled Tuesday intern op 14th May Late"]
[Site "Chess.com INT"]
[Date "2024.05.14"]
[Round "1"]
[White "Rose, Felix"]
[Black "Javadov, Habil"]
[Result "1-0"]
[WhiteElo "2091"]
[BlackElo "2193"]
[PlyCount "89"]
[EventDate "2024.05.14"]
[EventType "swiss (blitz)"]
[EventRounds "11"]
[EventCountry "USA"]
[SourceTitle "CBM 220 Extra"]
[Source "ChessBase"]
[SourceDate "2024.07.31"]
[SourceVersion "1"]
[SourceVersionDate "2024.07.31"]
[SourceQuality "1"]

1. e4 e6 2. d4 d5 3. Nc3 dxe4 4. Nxe4 Nd7 5. Nf3 Ngf6 6. Nxf6+ Nxf6 7. g3 b6 8. Bg2 Bb7 9. 0-0 Be7 10. c4 0-0 11. Ne5 Bxg2 12. Kxg2 c5 13. Nc6 Qd7 14. Nxe7+ Qxe7 15. dxc5 Qxc5 16. b3 Rfd8 17. Qf3 Rac8 18. Be3 Qe7 19. Rfd1 Rc7 20. Rxd8+ Qxd8 21. Rd1 Rd7 22. Rxd7 Qxd7 23. Qa8+ Ne8 24. b4 h5 25. c5 bxc5 26. bxc5 Kh7 27. Qe4+ g6 28. c6 Qc8 29. Bxa7 Nd6 30. Qf3 Nf5 31. Bb6 h4 32. c7 e5 33. g4 Nd6 34. h3 Qe6 35. Bc5 Nc8 36. a4 Kg8 37. a5 e4 38. Qf4 Qd5 39. Be3 Qxa5 40. g5 Qd5 41. Qf6 Qe6 42. Qd8+ Kh7 43. Bd4 f6 44. Bxf6 Qg8 45. Qd7+ 1-0

[Event "Titled Tuesday intern op 23rd Apr Early"]
[Site "Chess.com INT"]
[Date "2024.04.23"]
[Round "7"]
[White "Javadov, Habil"]
[Black "Halynyazow, Vepaly"]
[Result "1-0"]
[WhiteElo "2195"]
[BlackElo "2052"]
[PlyCount "157"]
[EventDate "2024.04.23"]
[EventType "swiss (blitz)"]
[EventRounds "11"]
[EventCountry "USA"]
[SourceTitle "EXT 2025"]
[Source "ChessBase"]
[SourceDate "2024.10.14"]
[SourceVersion "1"]
[SourceVersionDate "2024.10.14"]
[SourceQuality "1"]

1. d4 d5 2. Nf3 Nf6 3. Bf4 c5 4. e3 Nc6 5. c3 Qb6 6. Qc2 cxd4 7. exd4 Bf5 8. Qb3 e6 9. Nbd2 h6 10. h3 Be7 11. Be2 0-0 12. 0-0 Rfc8 13. Rfe1 Qd8 14. a4 Na5 15. Qd1 a6 16. Ne5 Bh7 17. Bf1 Bd6 18. Bh2 Qb6 19. b4 Nc6 20. f4 Ne4 21. Nxe4 dxe4 22. Nd7 Qc7 23. Ne5 Bxe5 24. fxe5 Ne7 25. c4 Qb6 26. Rb1 Rd8 27. c5 Qc7 28. Kh1 Qd7 29. Bg1 Nf5 30. Rb2 Qd5 31. b5 axb5 32. axb5 Ra3 33. Qg4 Nxd4 34. Rd2 Qxe5 35. Red1 Rd3 36. Bxd3 exd3 37. Rxd3 Bxd3 38. Rxd3 Qxc5 39. Rxd4 Rxd4 40. Bxd4 Qc1+ 41. Kh2 g6 42. Qe4 Qc7+ 43. Qe5 Qxe5+ 44. Bxe5 Kf8 45. Kg3 Ke7 46. Kf3 f6 47. Bb8 e5 48. Ke4 Ke6 49. Bc7 f5+ 50. Ke3 Kd5 51. g3 g5 52. Bd8 f4+ 53. gxf4 gxf4+ 54. Kf3 h5 55. Bf6 Ke6 56. Bh8 Kf5 57. Ke2 e4 58. Bd4 Ke6 59. Ba7 Ke5 60. Bb8+ Kf5 61. Bc7 Kg5 62. Kf2 Kf5 63. Bd6 Kg5 64. b6 Kf5 65. Ke2 Kg5 66. Kd2 Kf5 67. Kc3 e3 68. Kd3 Kg5 69. Ke2 Kh4 70. Bxf4 Kxh3 71. Kxe3 Kg2 72. Kd4 h4 73. Kc5 h3 74. Kd6 Kf3 75. Be5 Kg2 76. Kc7 h2 77. Bxh2 Kxh2 78. Kxb7 Kg3 79. Kc7 1-0

[Event "Titled Tuesday intern op 23rd Apr Early"]
[Site "Chess.com INT"]
[Date "2024.04.23"]
[Round "2"]
[White "Javadov, Habil"]
[Black "Melillo, Lucius"]
[Result "1-0"]
[WhiteElo "2195"]
[BlackElo "2274"]
[PlyCount "65"]
[EventDate "2024.04.23"]
[EventType "swiss (blitz)"]
[EventRounds "11"]
[EventCountry "USA"]
[SourceTitle "EXT 2025"]
[Source "ChessBase"]
[SourceDate "2024.10.14"]
[SourceVersion "1"]
[SourceVersionDate "2024.10.14"]
[SourceQuality "1"]

1. d4 d5 2. Nf3 Bf5 3. Bf4 e6 4. e3 Bd6 5. Bg3 Nf6 6. Bd3 Bxd3 7. Qxd3 0-0 8. Nbd2 Nbd7 9. e4 dxe4 10. Nxe4 Nxe4 11. Qxe4 Qc8 12. c3 h6 13. Rd1 Nf6 14. Qe2 Bxg3 15. hxg3 c5 16. 0-0 cxd4 17. Rxd4 Rd8 18. Rfd1 Qc7 19. Qe5 Rxd4 20. Qxd4 a6 21. Ne5 Rc8 22. g4 Nd5 23. c4 Nb4 24. Qe4 Nc6 25. Nf3 Rd8 26. Re1 Qd6 27. g5 Qd3 28. Qg4 Qg6 29. Qg3 hxg5 30. Nxg5 Nd4 31. b3 Nf5 32. Qf4 Rd4 33. Qb8+ 1-0

[Event "Titled Tuesday intern op 23rd Apr Early"]
[Site "Chess.com INT"]
[Date "2024.04.23"]
[Round "10"]
[White "Koval, Artem"]
[Black "Javadov, Habil"]
[Result "1/2-1/2"]
[WhiteElo "2193"]
[BlackElo "2195"]
[PlyCount "182"]
[EventDate "2024.04.23"]
[EventType "swiss (blitz)"]
[EventRounds "11"]
[EventCountry "USA"]
[SourceTitle "EXT 2025"]
[Source "ChessBase"]
[SourceDate "2024.10.14"]
[SourceVersion "1"]
[SourceVersionDate "2024.10.14"]
[SourceQuality "1"]

1. d4 e6 2. Bf4 d5 3. e3 Bd6 4. Nf3 Nf6 5. Nbd2 b6 6. Bd3 Bb7 7. 0-0 0-0 8. Ne5 Ne4 9. Nxe4 dxe4 10. Bc4 Nd7 11. a4 Nxe5 12. dxe5 Bc5 13. Qg4 Re8 14. Rad1 Qe7 15. Bg5 Qf8 16. Rd7 Rac8 17. b3 Bc6 18. Rdd1 Be7 19. h4 Rcd8 20. Rxd8 Rxd8 21. Bxe6 Bxg5 22. hxg5 Qe7 23. Bc4 Qxe5 24. Rd1 Rxd1+ 25. Qxd1 Qxg5 26. b4 Qe7 27. b5 Bb7 28. Qd4 g6 29. a5 Bc8 30. Bb3 h5 31. Qd5 Be6 32. Qxe4 bxa5 33. Bxe6 Qxe6 34. Qa8+ Kg7 35. Qxa7 Qb6 36. Qa6 Kf6 37. c4 Ke7 38. Qa8 Qc5 39. Qxa5 Qxc4 40. Qa7 Kf8 41. Qb7 Kg7 42. Kh2 Qh4+ 43. Kg1 Qc4 44. Kh2 Qc5 45. Kg1 Qe5 46. g3 Qg5 47. Kf1 Qc5 48. Kg2 Qe5 49. Qc6 Qg5 50. e4 Qe5 51. Kf3 Qd4 52. Kg2 Qd3 53. Kh2 Qe2 54. Kg2 h4 55. gxh4 Qg4+ 56. Kf1 Qd1+ 57. Kg2 Qg4+ 58. Kf1 Qxh4 59. Qxc7 Qh1+ 60. Ke2 Qxe4+ 61. Kd2 Qd5+ 62. Ke3 Qxb5 63. Qc3+ Kg8 64. Kf3 Qf5+ 65. Kg3 Qe6 66. f3 Qf5 67. Kf2 Qe6 68. Qd4 Kh7 69. Kg3 f6 70. Qa7+ Kh6 71. Kg2 Kg5 72. Qc5+ Qe5 73. Qc6 Qe2+ 74. Kg3 Qe5+ 75. Kg2 f5 76. Qb6 Qe2+ 77. Kg1 Qxf3 78. Qd8+ Kh5 79. Kh2 Qf4+ 80. Kh3 Qf3+ 81. Kh2 f4 82. Qh8+ Kg5 83. Qe5+ Kg4 84. Qe6+ Kh4 85. Qxg6 Qf2+ 86. Kh1 f3 87. Qh6+ Kg4 88. Qg6+ Kf4 89. Qf6+ Ke3 90. Qd4+ Ke2 91. Qd2+ Kxd2 1/2-1/2

[Event "Belgrade Trophy 36th"]
[Site "Belgrade"]
[Date "2023.11.30"]
[Round "6"]
[White "Javadov, Habil"]
[Black "Zubova, Mariya"]
[Result "1/2-1/2"]
[WhiteElo "2026"]
[BlackElo "2157"]
[PlyCount "110"]
[EventDate "2023.11.25"]
[EventType "swiss"]
[EventRounds "9"]
[EventCountry "SRB"]
[SourceTitle "CBM 217 Extra"]
[Source "ChessBase"]
[SourceDate "2024.01.31"]
[SourceVersion "1"]
[SourceVersionDate "2024.01.31"]
[SourceQuality "1"]

1. d4 Nf6 2. Nf3 d5 3. Bf4 c5 4. e3 Nc6 5. c3 Bg4 6. Nbd2 e6 7. Be2 cxd4 8. exd4 Bd6 9. Bg3 0-0 10. 0-0 Bxg3 11. hxg3 Nd7 12. Re1 Rb8 13. a4 a6 14. b4 a5 15. b5 Ne7 16. Nf1 Rc8 17. Rc1 h6 18. Ne3 Bh5 19. Qb3 Nb6 20. Red1 Rc7 21. g4 Bg6 22. Ne5 Be4 23. Bf1 Nec8 24. c4 f6 25. Nf3 dxc4 26. Bxc4 Nxc4 27. Nxc4 Bd5 28. Qd3 Re8 29. Nfd2 b6 30. Ne3 Ba8 31. Ne4 Ne7 32. Nc3 Qc8 33. Ne2 Nd5 34. Nxd5 Bxd5 35. Qg6 Ree7 36. Rxc7 Rxc7 37. Ng3 Rc1 38. Rxc1 Qxc1+ 39. Kh2 Qg5 40. Qe8+ Kh7 41. Kh3 Qf4 42. f3 Qxd4 43. Qf7 Qe3 44. Nf5 exf5 45. Qxd5 f4 46. Qf5+ Kg8 47. Qd7 Qe1 48. Kh2 Qh4+ 49. Kg1 Qe1+ 50. Kh2 Qe3 51. Kh1 Qc5 52. Qe8+ Kh7 53. Qe4+ Kg8 54. Qe8+ Kh7 55. Qe4+ Kg8 1/2-1/2